| 000 | 00721nam a2200241#a 4500 | ||
|---|---|---|---|
| 001 | 01966 | ||
| 003 | HDC | ||
| 007 | ta | ||
| 008 | 230623s2011 xx 000 0 eng d | ||
| 020 | _a9789833196234 (pbk). | ||
| 040 | _aHDC | ||
| 050 |
_amatrade HD6192.6 _b .M35 2011 |
||
| 110 | _aMalaysia External Trade Development Corporation. | ||
| 245 | 0 | _aMalaysia women in export directory | |
| 264 |
_aKuala Lumpur : _bMalaysia External Trade Development Corporation, _c2011. |
||
| 300 |
_aiv,199p. : _b ill. ; _c 24cm. |
||
| 650 |
_aBusiness women _zMalaysia _vDirectories. |
||
| 650 |
_aWomen in business _zMalaysia _vDirectories. |
||
| 942 | _2lcc | ||
| 942 | _cBK | ||
| 942 | _kmatrade HD6192.6 | ||
| 942 | _m .M35 2011 | ||
| 999 |
_c23526 _d23526 |
||